| 000 | 00353nam a2200133Ia 4500 | ||
|---|---|---|---|
| 008 | 150202s9999 xx 000 0 und d | ||
| 020 | _a553272101 | ||
| 050 |
_aFIC _bFIC |
||
| 100 | _aLangley, Bob. | ||
| 245 |
_aFalklands gambit / _cBob Langley. |
||
| 260 |
_aNew York : _bBantam Books, _c1988. |
||
| 300 |
_a248 pages : _c18 cm. |
||
| 650 | _aFiction. | ||
| 999 |
_c282181 _d282181 |
||